| 000 | 00597nam a2200193 a 4500 | ||
|---|---|---|---|
| 001 | 000036424 | ||
| 005 | 20250307073710.0 | ||
| 008 | 120117s1999 mx r 000 0 spa d | ||
| 020 | _a9681649699 | ||
| 040 |
_aDO-SdBNP _bspa _cBNPHU |
||
| 082 |
_axxxx _bH519a, 1999 |
||
| 245 | 0 | 0 |
_aAntología de la versificación rítmica / _cPedro Henríquez Ureña, compilador. |
| 250 | _a2a ed. | ||
| 260 |
_aMéxico : _bFondo de Cultura económica, _c1999. |
||
| 300 |
_a115 p. ; _c18 cm. |
||
| 490 | 1 | _aPopular | |
| 700 | 1 |
_aHenríquez Ureña, Pedro, _d1884-1946 _ecomp. _91718 |
|
| 830 | 0 |
_aPopular _913374 |
|
| 999 |
_c35915 _d35915 |
||